Prawdziwi ludzie – nagła śmierć #3 - Statystyki

Ogólne statystyki
  • Ten quiz został rozwiązany 385 razy
  • Średni wynik to 9 z 20
Answers on the Grid
Answers color-coded by a green-red scale on the quiz's grid according to % correct below.
Ali Baba
Attyla
William Bligh
Kapitan Nemo
Hrabia Monte Christo
Don Kichot
Euclid
Eva Perón
Florence Nightingale
Guy Fawkes
Hammurabi
Helena Trojańska
Hugo Chavez
Inigo Montoya
Inspektor Clouseau
Iwan IV Groźny
Jean Valjean
Joanna d’Arc
Lara Croft
Długi John Silver
Pani Bovary
Marco Polo
Marcin Luter
Montezuma II
Nabuchodonozor
Oliver Twist
Percy Jackson
Phileas Fogg
Pippi Pończoszanka
Książę Kaspian
Robinson Crusoe
Saladyn
Czaka
Sherlock Holmes
Sindbad Żeglarz
Tarzan
Tutanchamon
Wład Palownik
William Wallace
Zaratusztra
 
Statystyki odpowiedzi
Odpowiedź % Poprawnych
Iwan IV Groźny
71%
Joanna d’Arc
67%
Hammurabi
63%
Marco Polo
63%
Marcin Luter
62%
Tutanchamon
58%
Hugo Chavez
56%
Attyla
51%
Nabuchodonozor
50%
Wład Palownik
43%
Montezuma II
42%
Eva Perón
39%
William Wallace
31%
Saladyn
29%
Zaratusztra
27%
Florence Nightingale
25%
William Bligh
25%
Guy Fawkes
24%
Euclid
20%
Czaka
16%
Nie znaleziono quizów pasujących do podanych kryteriów
Rozkład punktacji
Procent ludzi z każdym wynikiem
Percentyl według liczby udzielonych odpowiedzi
Twoja historia wyników
Nie rozwiązałeś tego quizu